LEADER 01592nam--2200469---450- 001 990000343990203316 005 20060224152431.0 010 $a88-211-8213-4 035 $a0034399 035 $aUSA010034399 035 $a(ALEPH)000034399USA01 035 $a0034399 100 $a20010221d1985----km-y0itay0103----ba 101 1$aita 102 $ait 105 $a||||||||001yy 200 1 $a<> libro delle interrogazioni$fEdmond Jabès$gprefazione di Massimo Cacciari$gpostfazione di Gianni Scalia 210 $aGenova$cMarietti$dc1985 215 $aXII, 165 p.$d21 cm 225 2 $aLetteratura$v4 312 $aTrad. di : <> livre des questions 410 0$12001$aLetteratura 454 0$12001$a<> livre des questions$925743 461 1$1001-------$12001 676 $a848.91407 700 1$aJABÉS,$bEdmond$0443255 912 $a990000343990203316 951 $aVI.4.A. 1363(V A Coll.231 4)$b156659 L.M.$cV A Coll.$d00070998 951 $aVI.4.A. 1363a(V A Coll.231 4 Bis)$b156660 L.M.$cV A Coll.$d00070997 951 $aVI.4.A. 1363b(V A Coll.231 4 a)$b156661 L.M.$cV A Coll.$d00070996 959 $aBK 969 $aUMA 979 $aTAMI$b40$c20010221$lUSA01$h1607 979 $aTAMI$b40$c20010221$lUSA01$h1630 979 $aTAMI$b40$c20010222$lUSA01$h1039 979 $aTAMI$b40$c20010226$lUSA01$h1122 979 $c20020403$lUSA01$h1642 979 $aPATRY$b90$c20040406$lUSA01$h1624 979 $aCOPAT7$b90$c20060224$lUSA01$h1522 979 $aCOPAT7$b90$c20060224$lUSA01$h1524 996 $aLivre des questions$925743 997 $aUNISA LEADER 01412nam a2200349 i 4500 001 991000840269707536 005 20250613112039.0 008 960314s1967 it ||| | ita 035 $ab10136952-39ule_inst 035 $aLE00637743$9ExL 040 $aDip.to Fisica$bita 082 0 $a519.2 084 $a510.60 084 $a519 084 $aAMS 60-01 084 $aAMS 60-XX 100 1 $aCastelnuovo, Guido$0324512 245 10$aCalcolo delle probabilità /$cGuido Castelnuovo 250 $a3. ed. inter. riordinata 264 1$aBologna :$bZanichelli,$c1967 300 $a2 v. ;$c23 cm 500 $aVol. 1: Fondamenti della teoria. Applicazioni alla statistica, alla teoria degli errori, alla balistica e alla fisica. 650 4$aCalcolo delle probabilità 650 0$aProbability theory$xTextbooks 907 $a.b10136952$b18-01-18$c27-06-02 912 $a991000840269707536 945 $aLE006 510.60 CAS$cV. 1$g1$i2006000023214$lle006$o-$pE0.00$q-$rl$s-$t0$u2$v0$w2$x0$y.i10161594$z27-06-02 945 $aLE013 60-XX CAS11 (1967)$g1$i2013000061405$lle013$o-$pE0.00$q-$rl$s-$t0$u2$v2$w2$x0$y.i10841465$z28-06-02 945 $aLE013 Fondo Moscatelli 60-XX CAS11 (1965)$g1$i2013000228754$lle013$og$pE25.00$q-$rl$s-$t0$u0$v0$w0$x0$y.i15829455$z18-01-18 996 $aCalcolo delle probabilità$9185620 997 $aUNISALENTO 998 $ale006$ale013$b01-01-96$cm$da$e-$fita$git$h0$i1